|
|
|
|
| LEADER |
00000nab a2200000uu 4500 |
| 001 |
vtls010914004 |
| 003 |
SK-MaSNL |
| 005 |
20260303110019.0 |
| 008 |
230121|1929 xo |||||||||||||||||slo| |
| 015 |
|
|
|a SNBRB
|
| 035 |
|
|
|a (urnnbn)urn:nbn:sk:snk:ar-a09bbp
|
| 035 |
|
|
|a (uuid)1777e8a3-8c8a-4243-8c60-1d48bcbb1458
|
| 035 |
|
|
|a urn:nbn:sk:snk-ab92mf
|
| 040 |
|
|
|a SNKBUCL
|b slo
|c SNKBUCL
|e AACR2
|
| 041 |
0 |
|
|a slo
|
| 044 |
|
|
|a xo
|c SK
|
| 100 |
1 |
|
|a Kapp, Otto,
|d 1889-1982
|4 aut
|9 199917
|
| 245 |
1 |
0 |
|a EVIDENCIA A ROZDEĽOVANIE ŠTÁTNYCH DODÁVOK
|c Otto Kapp
|
| 773 |
0 |
|
|t Hospodárske rozhľady : časopis Obchodnej a priemyselnej komory v Bratislave
|g Roč. 4, č. 11 (1929), s. 450-455
|
| 954 |
|
|
|a odborná, vedecká literatúra pôvodná (slovenská)
|2 lita
|
| 958 |
|
|
|a OND
|
| 958 |
|
|
|a EUIPO
|
| 958 |
|
|
|a article10
|
| 999 |
|
|
|c 1867414
|d 1869344
|